|
|
|
|
| LEADER |
00000nlm0a2200000 4500 |
| 001 |
317919 |
| 005 |
20231102003026.0 |
| 035 |
|
|
|a (RuTPU)RU\TPU\book\343387
|
| 035 |
|
|
|a RU\TPU\book\343211
|
| 090 |
|
|
|a 317919
|
| 100 |
|
|
|a 20160415d2010 k y0engy50 ba
|
| 101 |
0 |
|
|a eng
|
| 102 |
|
|
|a NL
|
| 105 |
|
|
|a a z 001zy
|
| 135 |
|
|
|a drcn ---uucaa
|
| 200 |
1 |
|
|a Up and Running with Autodesk® Inventor® Simulation 2011
|b Electronic resource
|e A step-by-step guide to engineering design solutions
|f Wasim Younis
|
| 203 |
|
|
|a Text
|c electronic
|
| 210 |
|
|
|a Amsterdam
|c Elsevier
|d 2010
|
| 230 |
|
|
|a 1 компьютерный файл (pdf; 97 Mb)
|
| 300 |
|
|
|a Заглавие с титульного экрана
|
| 333 |
|
|
|a Режим доступа: из корпоративной сети ТПУ
|
| 337 |
|
|
|a Adobe Reader
|
| 606 |
1 |
|
|a Программное обеспечение
|2 stltpush
|3 (RuTPU)RU\TPU\subj\67736
|9 83428
|
| 610 |
1 |
|
|a электронный ресурс
|
| 610 |
1 |
|
|a Autodesk
|
| 610 |
1 |
|
|a Inventor
|
| 610 |
1 |
|
|a Simulation
|
| 610 |
1 |
|
|a инженерные решения
|
| 610 |
1 |
|
|a проектные решения
|
| 610 |
1 |
|
|a моделирование
|
| 610 |
1 |
|
|a проектирование
|
| 675 |
|
|
|a 004.41
|v 3
|
| 700 |
|
0 |
|a Wasim Younis
|
| 801 |
|
1 |
|a RU
|b 63413507
|c 20131216
|
| 801 |
|
2 |
|a RU
|b 63413507
|c 20160622
|g RCR
|
| 856 |
4 |
|
|u http://www.lib.tpu.ru/fulltext2/m/2016/science_book/Up%20and%20Running%20with%20Autodesk%20Inventor%20Simulation%202011_2010.pdf
|
| 942 |
|
|
|c CF
|